000
00340nam a22001457a 4500
008
210310b ||||| |||| 00| 0 eng d
020
_a
9781111580186
041
_a
eng
080
_2
3rd
_a
330.101.541
082
_a
330.101.541
100
_a
52
101
_a
MAKRO
245
_a
Contemporary Economics
_c
McEachern, W. A
942
_2
udc
_c
BK
999
_c
56162
_d
56162